| 000 | 00732nam a22002537a 4500 | ||
|---|---|---|---|
| 003 | UPN | ||
| 005 | 20240910064149.0 | ||
| 008 | 230303s2021 mx|||||gr|||| 00| 0 spa d | ||
| 020 | _a9788490976074 | ||
| 040 |
_aMX-MxUPN _bspa |
||
| 050 | 4 |
_aHQ1090 _bH47 2021 |
|
| 100 | 1 |
_aHerrera, Coral _947982 |
|
| 245 | 1 | 0 |
_aHombres que ya no hacen sufrir por amor : _btransformando las masculinidades |
| 250 | _aCuarta edición | ||
| 260 |
_aMadrid : _bCatarata, _c2021 |
||
| 300 | _a174 páginas | ||
| 490 | 0 |
_aLos libros de la catarata ; _v707 |
|
| 650 | 4 |
_aMasculinidad _914713 |
|
| 650 | 0 |
_aRelación hombre-mujer _91566 |
|
| 650 | 4 |
_aAmor _94320 |
|
| 902 | _aVíctorGodínez/030323 | ||
| 942 |
_2lcc _cLIBRO |
||
| 999 |
_c209255 _d209255 |
||